000 00477nam a2200133 a 4500
008 120416s1966 ||||||||||||||||| || u
050 _aDT 351 Van
100 _aVansina, Jan
245 1 0 _aKingdoms of the savanna
260 _aMadison
_bUniversity of Wisconsin Press
_c1966
300 _aix, 364p. : ill.
350 _a0.00
995 _D0.00
_FCBU-MAIN LIBRARY (Kitwe)
_H1
_I0.00
_UAVAILABLE
_ZMain Library Open Access Collection
999 _c48638
_d48638